Neighbourhood watch (Record no. 76815)
[ view plain ]
| 000 -LEADER | |
|---|---|
| fixed length control field | 00642cab a2200181 4500 |
| 001 - CONTROL NUMBER | |
| control field | ##L133128 |
| 008 - FIXED-LENGTH DATA ELEMENTS--GENERAL INFORMATION | |
| fixed length control field | 060413n2006 000 0 eng u |
| 035 ## - SYSTEM CONTROL NUMBER | |
| System control number | (Sirsi) u133128 |
| 041 0# - LANGUAGE CODE | |
| Language code of text/sound track or separate title | eng |
| 100 1# - MAIN ENTRY--PERSONAL NAME | |
| Personal name | Young, Eleanor |
| 245 00 - TITLE STATEMENT | |
| Title | Neighbourhood watch |
| 260 ## - PUBLICATION, DISTRIBUTION, ETC. | |
| Date of publication, distribution, etc. | 2006 |
| 490 #0 - SERIES STATEMENT | |
| Series statement | RIBA Journal |
| Volume/sequential designation | 113(4) April 2006, 32-40(8) |
| 520 ## - SUMMARY, ETC. | |
| Summary, etc. | Reports on the design and architecture of a housing development in Tower Hamlets which consists of sets of terraces, houses and a small apartment block. Contains brief costings and architectural drawings. |
| 590 ## - LOCAL NOTE (RLIN) | |
| Local note | IKA250406 |
| 690 ## - LOCAL SUBJECT ADDED ENTRY--TOPICAL TERM (OCLC, RLIN) | |
| Topical term or geographic name as entry element | BUILT ENVIRONMENT-BUILDING COSTS |
| 942 ## - ADDED ENTRY ELEMENTS (KOHA) | |
| Suppress in OPAC | 0 |
| Withdrawn status | Lost status | Source of classification or shelving scheme | Damaged status | Not for loan | Home library | Current library | Shelving location | Date acquired | Total Checkouts | Full call number | Barcode | Date last seen | Copy number | Price effective from | Koha item type |
|---|---|---|---|---|---|---|---|---|---|---|---|---|---|---|---|
| Dewey Decimal Classification | London | London | Journal article | 13/04/2006 | L133128 | 133128-1001 | 06/08/2019 | 1 | 06/08/2019 | Journal article |